000 00823nam a22002771 4500
001 9790
003 BD-RjUL
005 20211208234834.0
008 140121s1956 nyua 000 0 eng
035 _a(BD-RjUL)9835
040 _aDLC/ICU
_cICU
_beng
_dBD-RjUL
041 1 _aengdut
082 0 0 _a541.39
_bARM 1956
100 1 _aArkel, Anton Eduard van,
_d1893-
_930272
245 1 0 _aMolecules and crystals in inorganic chemistry /
_cAnton Eduard van Arkel.
250 _a[2d ed. in English].
260 _aNew York :
_bInterscience Publishers,
_c1956.
300 _a270 p. :
_billus. ;
_c23 cm.
504 _aIncludes index.
650 0 _aValence (Theoretical chemistry)
_929543
650 0 _aMolecules.
_930273
650 0 _aCrystals.
_930274
942 _2ddc
_cBK
999 _c9790
_d9790